<?xml version="1.0" encoding="UTF-8"?>
<marc:record xmlns:marc="http://www.loc.gov/MARC21/slim">
   <marc:leader>00000nam a2200000 a 4500</marc:leader>
   <marc:datafield ind1="1" ind2=" " tag="100">
      <marc:subfield code="a">Körbler, Mario</marc:subfield>
      <marc:subfield code="4">aut</marc:subfield>
      <marc:subfield code="e">Verfasser/-in</marc:subfield>
   </marc:datafield>
   <marc:datafield ind1="0" ind2="0" tag="245">
      <marc:subfield code="a">Die Kunst im Chaos zu erziehen</marc:subfield>
   </marc:datafield>
   <marc:datafield ind1=" " ind2="1" tag="264">
      <marc:subfield code="b">Mentoren-Media-Verlag</marc:subfield>
      <marc:subfield code="c">2026</marc:subfield>
   </marc:datafield>
   <marc:datafield ind1="1" ind2=" " tag="520">
      <marc:subfield code="a">Worum geht es in diesem Buch?
Im Kern geht es um eine entscheidende Frage: Wie erziehen wir Kinder, damit sie in einer digitalen Welt selbstständig, stark und sicher werden - ohne dass das Familienleben zum täglichen Machtkampf wird?
Mario Körbler verbindet Technikverständnis mit jahrelanger Arbeit mit Kindern und zeigt, wie Eltern aus reaktiven äFeuerwehr-Einsätzenô herauskommen und stattdessen ein stabiles Fundament schaffen: Werte, Regeln, Rituale, Vorbildsein - und konkrete Schritte, die wirklich umsetzbar sind.
   Was Sie erwartet:
ò Ein verständlicher Blick auf Digitalisierung, KI und die Mechanismen hinter digitalen Reizen
ò Klare Leitplanken für Smartphone, Games &amp; Social Media - ohne Panik, aber mit Konsequenz
ò Familien-Regeln, die funktionieren: Zeiten, Zonen, Absprachen und verlässliche Rituale
ò Praktische Tools für die Umsetzung, z. B. eine äFamiliencharta digitalô und ein Mini-Motivationsvertrag
ò Impulse, wie Kinder vom Konsum ins Gestalten kommen - kreativ, neugierig und selbstwirksam
ò Stärkung von innerer Haltung und Selbstsicherheit - mit alltagstauglichen Ansätzen aus dem Training mit Kindern
(Verlagstext)</marc:subfield>
   </marc:datafield>
   <marc:datafield ind1=" " ind2=" " tag="020">
      <marc:subfield code="a">9783986412975</marc:subfield>
      <marc:subfield code="9">9783986412975</marc:subfield>
   </marc:datafield>
</marc:record>
